Tři archetypy evropské sociální politiky

Salvato in:
Dettagli Bibliografici
Autore principale: Svoboda, František
Natura: Libro
Lingua:ceco
Pubblicazione: Brno Masarykova univerzita 2012
Soggetti:
Tags: Aggiungi Tag
Nessun Tag, puoi essere il primo ad aggiungerne!!

MARC

LEADER 00000nam a2200000 4500
001 0237827
005 20221207093905.5
020 |a 978-80-210-5990-0 
041 0 |a cze 
044 |a CZ 
245 1 0 |a Tři archetypy evropské sociální politiky  |c František Svoboda 
264 1 |a Brno  |b Masarykova univerzita  |c 2012 
300 |a 153 s. 
610 2 0 |a politika sociálna 
610 2 0 |a Európska únia 
610 2 0 |a dary 
610 2 0 |a práca 
610 2 0 |a politika zamestnanosti 
610 2 0 |a pôžičky 
100 1 |a Svoboda, František